| 000 | 00000nas 2200000zi 4500 |
| 001 | 9.933892 |
| 003 | CaOODSP |
| 005 | 20240214125841 |
| 006 | m o d f |
| 007 | cr cn |||||||| |
| 008 | 240214c20239999oncqr p o f0### 0eng|d |
| 040 | |aCaOODSP|beng|erda|cCaOODSP |
| 043 | |an-cn--- |
| 086 | 1 |aCC4-5E-PDF |
| 245 | 00|aFederal Nuclear Science and Technology (FNST) work plan quarterly update. |
| 246 | 1 |iIssues for Q4 (2022/2023)- have title: |aFederal Nuclear Science & Technology work plan |
| 264 | 1|aChalk River, Ontario, Canada : |bAECL = EACL, |c[2022]- |
| 310 | |aQuarterly |
| 336 | |atext|btxt|2rdacontent |
| 337 | |acomputer|bc|2rdamedia |
| 338 | |aonline resource|bcr|2rdacarrier |
| 362 | 1 |aBegan with: Q2 (2022/2023). |
| 500 | |aIssued also in French under title: Plan de travail fédéral en matière de science et technologie nucléaires. |
| 588 | |aDescription based on: Q2 (2022/2023); title from PDF caption. |
| 588 | |aLatest issue consulted: Q4 (2022/2023). |
| 650 | 0|aNuclear energy|xResearch|xGovernment policy|zCanada|vPeriodicals. |
| 650 | 0|aNuclear energy|xTechnological innovations|zCanada|vPeriodicals. |
| 655 | 7|aPeriodicals|2lcgft |
| 710 | 2 |aAtomic Energy of Canada Limited, |eissuing body. |
| 775 | 08|tPlan de travail fédéral en matière de science et technologie nucléaires.|w(CaOODSP)9.933891 |